00751nam a2200181 i 4500001000700000003000900007005001700016008004100033080001900074100004400093245019500137260006200332300002100394502003700415650004100452710005300493852002300546189983ES-MaACL20230906223617.0200303s1968 sp |||| | spa d a331.152(043.2)1 aGorostiaga Achalandabaso, Luis Ángel.14aLas relaciones laborales en conexión con la participación del personal en la gestión de la empresa, en Francia, Alemania, Yugoslavia y la URSS /cLuis Ángel Gorostiaga Achalandabaso. aBarcelona : b[Universidad, Facultad de Derecho], c1968. a12 p. ; c24 cm. aTesis-Univ. Barcelona (Extracto) 4aParticipación de los trabajadores.2 aUniversidad de Barcelona. bFacultad de Derecho.4 aES-MaACLjP-1414-3